|
|
|
|
| LEADER |
00000nam0a2200000 4500 |
| 001 |
31735 |
| 005 |
20231030204554.0 |
| 035 |
|
|
|a (RuTPU)RU\TPU\book\32027
|
| 035 |
|
|
|a BOOK00000106
|
| 090 |
|
|
|a 31735
|
| 100 |
|
|
|a 20011210d1991 m y0rusy50 ca
|
| 101 |
0 |
|
|a rus
|
| 102 |
|
|
|a RU
|
| 105 |
|
|
|a y j 001zy
|
| 200 |
1 |
|
|a Избранные главы из истории математики
|e учебное пособие
|f Н. В. Александрова
|
| 210 |
|
|
|a Москва
|c Изд-во МАИ
|d 1991
|
| 215 |
|
|
|a 40 с.
|
| 320 |
|
|
|a Библиогр. в конце гл.
|
| 610 |
1 |
|
|a математика
|
| 610 |
1 |
|
|a история
|
| 610 |
1 |
|
|a линейная независимость
|
| 610 |
1 |
|
|a равномерная сходимость
|
| 610 |
1 |
|
|a учебные пособия
|
| 675 |
|
|
|a 517.9(075.8)
|v 3
|
| 700 |
|
1 |
|a Александрова
|b Н. В.
|g Надежда Вячеславовна
|
| 801 |
|
0 |
|a RU
|b 63413507
|c 20011210
|g PSBO
|
| 801 |
|
2 |
|a RU
|b 63413507
|c 20060523
|g PSBO
|
| 942 |
|
|
|c BK
|